|
|
|
|
| LEADER |
01339nam a2200241 u 4500 |
| 001 |
10119187 |
| 003 |
GR-PaULI |
| 005 |
20220825115412.0 |
| 008 |
160222s1991 cy gre |
| 952 |
|
|
|0 0
|1 0
|2 ddc
|4 0
|6 956_930000000000000_4_ΚΑΤ
|7 0
|8 FIC
|9 189432
|a LISP
|b LISP
|c DON
|d 2016-04-24
|e ΒΑΛ
|i 129911
|l 0
|o 956.930 4 ΚΑΤ
|p 025000248990
|r 2016-04-24 00:00:00
|t 1
|w 2016-04-24
|y BK15
|
| 999 |
|
|
|c 116686
|d 116686
|
| 020 |
|
|
|a 9963041221
|
| 040 |
|
|
|a GR-PaULI
|c GR-PaULI
|b gre
|e AACR2
|
| 082 |
1 |
4 |
|a 956.930 4
|2 23
|
| 245 |
1 |
2 |
|a Η κατεχόμενη γη μας /
|c συγγραφή, επιμέλεια έκδοσης Πίτσα Πρωτοπαπά ; συνεργασία στην επιμέλεια έκδοσης Άννα Νεοφύτου, Κώστας Λυμπουρής.
|
| 260 |
|
|
|a Λευκωσία :
|b Υπουργείο Παιδείας Διεύθυνση Μέσης Εκπαίδευσης Υπηρεσία Ανάπτυξης Προγραμμάτων,
|c 1991.
|
| 300 |
|
|
|a 297, [6] σ. :
|b εικ., χάρτες ;
|c 25 εκ.
|
| 650 |
|
4 |
|a Κυπριακό Ζήτημα
|9 2851
|
| 651 |
|
4 |
|a Κύπρος
|x Ιστορία
|y 1960-
|9 149000
|
| 651 |
|
4 |
|9 111788
|a Κύπρος
|x Ιστορία
|y 20ός αιώνας
|
| 700 |
1 |
|
|a Πρωτοπαπά, Πίτσα
|4
|9 149001
|e επιμελήτρια.
|
| 942 |
|
|
|2 ddc
|c BK15
|
| 998 |
|
|
|c Λοτσάρη
|d 2016-02
|